000 00536nam a2200193 a 4500
001 1770460530705
003 YourLibrary
005 20260207160836.0
008 260207s2006##################000#0#eng##
020 _a9780521861625
082 0 4 _a306.362
_bCHR
100 1 _aChristopher, Emma,
_eauthor.
245 1 0 _aSlave Ship Sailors and Their Captive Cargoes, 1730-1807 :
260 _bCambridge University Press,
_c2006.
300 _a9 pages
650 0 _aHistory.
942 _cENGLISH
040 _aYourLibrary
_beng
_cYourLibrary
999 _c611265
_d611265